Transactions of the American Entomological Society.

Bibliographic Details
Previous Title:Transactions of the American Entomological Society and proceedings of the Entomological Section of the Academy of Natural Sciences
Uniform Title:Transactions of the American Entomological Society (1890)
Corporate Author: American Entomological Society
Format: Journal
Language:English
Published: Philadelphia : Society at the Academy of Natural Sciences, 1890-
Subjects:
Online Availability: Check for online availability

MARC

Tag First Indicator Second Indicator Subfields
LEADER 00000cas a2200000 a 4500
001 in00000095066
005 20150927110632.0
008 750726c18909999pauqr p 0 a0eng d
010 |a  89645971   |z sn 85004787  
016 7 |a 9884021  |2 DNLM 
016 7 |a SR0064973  |2 DNLM 
019 |a 8962774 
022 0 |a 0002-8320  |2 1 
029 1 |a NLM  |b 9884021 
029 1 |a NZ1  |b 6545914 
029 1 |a AU@  |b 000004799002 
035 |a (OCoLC)ocm06273198 
035 |a (OCoLC)6273198  |z (OCoLC)8962774 
037 |b American Entomological Society, Academy of Natural Sciences, Philadelphia, PA 19103 
040 |a HUL  |c HUL  |d RCS  |d NSD  |d OCL  |d IUL  |d DLC  |d NST  |d NLM  |d DLC  |d NST  |d AGL  |d NYG  |d AGL  |d GUA  |d OCLCQ  |d EEM  |d CUS  |d EYM  |d HUL  |d KRTAS  |d UtOrBLW 
042 |a nsdp  |a lc 
049 |a TXAM 
070 0 |a 420  |b P53 
072 0 |a L000 
072 0 |a L001 
082 1 4 |a 595  |2 11 
090 |a QL461  |b .A3734 
130 0 |a Transactions of the American Entomological Society (1890) 
210 0 |a Trans. Am. Entomol. Soc.  |b (1890) 
222 0 |a Transactions of the American Entomological Society  |b (1890) 
245 1 0 |a Transactions of the American Entomological Society. 
264 1 |a Philadelphia :  |b Society at the Academy of Natural Sciences,  |c 1890- 
300 |a volumes :  |b illustrations ;  |c 24 cm. 
310 |a Quarterly 
336 |a text  |b txt  |2 rdacontent 
337 |a unmediated  |b n  |2 rdamedia 
338 |a volume  |b nc  |2 rdacarrier 
362 0 |a Vol. 17, no. 1- 
500 |a Title from cover. 
500 |a Latest issue consulted: Volume 122, number 2+3 (Sept. 1996). 
650 0 |a Entomology  |v Periodicals. 
710 2 |a American Entomological Society. 
776 0 8 |i Also issued online:  |t Transactions of the American Entomological Society (1890 : Online)  |w (DLC) 2009235079  |w (OCoLC)61323503 
780 0 0 |t Transactions of the American Entomological Society and proceedings of the Entomological Section of the Academy of Natural Sciences  |w (DLC) 89645970  |w (OCoLC)6273194 
850 |a CoU  |a DLC  |a DNAL  |a InU  |a N  |a NjR  |a OkU  |a PU-Med 
891 2 0 |9 853  |8 1  |a v.  |b no.  |u 4  |v r  |i (year)  |j (month)  |w q  |x 03 
891 4 1 |9 863  |8 1.1  |a <127>  |b <2>  |i <2001>  |j <06> 
938 |a Kirtas Technologies, Inc.  |b KRTS  |n 614174 
994 |a C0  |b TXA 
949 |a updated  |b h  |c 2010/3/4  |e lfurubot 
999 |a MARS 
999 f f |s 542c05e7-a296-345f-a273-2d934f2ed771  |i 895c665e-ae40-3edd-9c3c-1ab74979b712  |t 0 
952 f f |p ric  |a Texas A&M University  |b Rellis Campus  |c Joint Library Facility  |d Remote Storage  |t 0  |e QL461 .A3734  |h Library of Congress classification  |i unmediated -- volume  |k v.67  |l 1941  |m A14817939982 
952 f f |p ric  |a Texas A&M University  |b Rellis Campus  |c Joint Library Facility  |d Remote Storage  |t 0  |e QL461 .A3734  |h Library of Congress classification  |i unmediated -- volume  |k v.37 -v.38  |l 1911-1912  |m A14817939380 
952 f f |p ric  |a Texas A&M University  |b Rellis Campus  |c Joint Library Facility  |d Remote Storage  |t 0  |e QL461 .A3734  |h Library of Congress classification  |i unmediated -- volume  |k v.115  |l 1989  |m A14812101461 
952 f f |p ric  |a Texas A&M University  |b Rellis Campus  |c Joint Library Facility  |d Remote Storage  |t 0  |e QL461 .A3734  |h Library of Congress classification  |i unmediated -- volume  |k v.65  |l 1939  |m A14817939932 
952 f f |p ric  |a Texas A&M University  |b Rellis Campus  |c Joint Library Facility  |d Remote Storage  |t 0  |e QL461 .A3734  |h Library of Congress classification  |i unmediated -- volume  |k v.47  |l 1921  |m A14817939534 
952 f f |p ric  |a Texas A&M University  |b Rellis Campus  |c Joint Library Facility  |d Remote Storage  |t 0  |e QL461 .A3734  |h Library of Congress classification  |i unmediated -- volume  |k v.44  |l 1918  |m A14817939445 
952 f f |p ric  |a Texas A&M University  |b Rellis Campus  |c Joint Library Facility  |d Remote Storage  |t 0  |e QL461 .A3734  |h Library of Congress classification  |i unmediated -- volume  |k v.29 -v.30  |l 1903-1904  |m A14817939283 
952 f f |p ric  |a Texas A&M University  |b Rellis Campus  |c Joint Library Facility  |d Remote Storage  |t 0  |e QL461 .A3734  |h Library of Congress classification  |i unmediated -- volume  |k v.27 -v.28  |l 1900/1901-1902  |m A14817939233 
952 f f |p ric  |a Texas A&M University  |b Rellis Campus  |c Joint Library Facility  |d Remote Storage  |t 0  |e QL461 .A3734  |h Library of Congress classification  |i unmediated -- volume  |k v.48  |l 1922  |m A14817939542 
952 f f |p ric  |a Texas A&M University  |b Rellis Campus  |c Joint Library Facility  |d Remote Storage  |t 0  |e QL461 .A3734  |h Library of Congress classification  |i unmediated -- volume  |k v.114  |l 1988  |m A14812480580 
952 f f |p ric  |a Texas A&M University  |b Rellis Campus  |c Joint Library Facility  |d Remote Storage  |t 0  |e QL461 .A3734  |h Library of Congress classification  |i unmediated -- volume  |k v.116:no.3 -v.116:no.4  |l 1990-1990  |m A14815090253 
952 f f |p ric  |a Texas A&M University  |b Rellis Campus  |c Joint Library Facility  |d Remote Storage  |t 0  |e QL461 .A3734  |h Library of Congress classification  |i unmediated -- volume  |k v.98  |l 1972  |m A14817940284 
952 f f |p ric  |a Texas A&M University  |b Rellis Campus  |c Joint Library Facility  |d Remote Storage  |t 0  |e QL461 .A3734  |h Library of Congress classification  |i unmediated -- volume  |k v.17 -v.18  |l 1890-1891  |m A14816931703 
952 f f |p ric  |a Texas A&M University  |b Rellis Campus  |c Joint Library Facility  |d Remote Storage  |t 0  |e QL461 .A3734  |h Library of Congress classification  |i unmediated -- volume  |k v.101  |l 1975  |m A14816927607 
952 f f |p ric  |a Texas A&M University  |b Rellis Campus  |c Joint Library Facility  |d Remote Storage  |t 0  |e QL461 .A3734  |h Library of Congress classification  |i unmediated -- volume  |k v.89  |l 1963  |m A14817940153 
952 f f |p ric  |a Texas A&M University  |b Rellis Campus  |c Joint Library Facility  |d Remote Storage  |t 0  |e QL461 .A3734  |h Library of Congress classification  |i unmediated -- volume  |k v.53  |l 1927  |m A14816948108 
952 f f |p ric  |a Texas A&M University  |b Rellis Campus  |c Joint Library Facility  |d Remote Storage  |t 0  |e QL461 .A3734  |h Library of Congress classification  |i unmediated -- volume  |k v.92  |l 1966  |m A14817940111 
952 f f |p ric  |a Texas A&M University  |b Rellis Campus  |c Joint Library Facility  |d Remote Storage  |t 0  |e QL461 .A3734  |h Library of Congress classification  |i unmediated -- volume  |k v.129  |l 2003  |m A14831478623 
952 f f |p ric  |a Texas A&M University  |b Rellis Campus  |c Joint Library Facility  |d Remote Storage  |t 0  |e QL461 .A3734  |h Library of Congress classification  |i unmediated -- volume  |k v.76  |l 1950  |m A14817940268 
952 f f |p ric  |a Texas A&M University  |b Rellis Campus  |c Joint Library Facility  |d Remote Storage  |t 0  |e QL461 .A3734  |h Library of Congress classification  |i unmediated -- volume  |k v.126  |l 2000  |m A14827908713 
952 f f |p ric  |a Texas A&M University  |b Rellis Campus  |c Joint Library Facility  |d Remote Storage  |t 0  |e QL461 .A3734  |h Library of Congress classification  |i unmediated -- volume  |k v.43  |l 1917  |m A14817939437 
952 f f |p ric  |a Texas A&M University  |b Rellis Campus  |c Joint Library Facility  |d Remote Storage  |t 0  |e QL461 .A3734  |h Library of Congress classification  |i unmediated -- volume  |k v.132  |l 2006  |m A14837105464 
952 f f |p ric  |a Texas A&M University  |b Rellis Campus  |c Joint Library Facility  |d Remote Storage  |t 0  |e QL461 .A3734  |h Library of Congress classification  |i unmediated -- volume  |k v.19 -v.20  |l 1892-1893  |m A14817945129 
952 f f |p ric  |a Texas A&M University  |b Rellis Campus  |c Joint Library Facility  |d Remote Storage  |t 0  |e QL461 .A3734  |h Library of Congress classification  |i unmediated -- volume  |k v.78  |l 1952  |m A14817940365 
952 f f |p ric  |a Texas A&M University  |b Rellis Campus  |c Joint Library Facility  |d Remote Storage  |t 0  |e QL461 .A3734  |h Library of Congress classification  |i unmediated -- volume  |k v.121  |l 1995  |m A14821449389 
952 f f |p ric  |a Texas A&M University  |b Rellis Campus  |c Joint Library Facility  |d Remote Storage  |t 0  |e QL461 .A3734  |h Library of Congress classification  |i unmediated -- volume  |k v.120  |l 1994  |m A14819348365 
952 f f |p ric  |a Texas A&M University  |b Rellis Campus  |c Joint Library Facility  |d Remote Storage  |t 0  |e QL461 .A3734  |h Library of Congress classification  |i unmediated -- volume  |k v.80  |l 1954  |m A14817940315 
952 f f |p ric  |a Texas A&M University  |b Rellis Campus  |c Joint Library Facility  |d Remote Storage  |t 0  |e QL461 .A3734  |h Library of Congress classification  |i unmediated -- volume  |k v.84  |l 1958  |m A14817940250 
952 f f |p ric  |a Texas A&M University  |b Rellis Campus  |c Joint Library Facility  |d Remote Storage  |t 0  |e QL461 .A3734  |h Library of Congress classification  |i unmediated -- volume  |k v.50  |l 1924  |m A14817939592 
952 f f |p ric  |a Texas A&M University  |b Rellis Campus  |c Joint Library Facility  |d Remote Storage  |t 0  |e QL461 .A3734  |h Library of Congress classification  |i unmediated -- volume  |k v.25 -v.26  |l 1898/1899-1899/1900  |m A14817945137 
952 f f |p ric  |a Texas A&M University  |b Rellis Campus  |c Joint Library Facility  |d Remote Storage  |t 0  |e QL461 .A3734  |h Library of Congress classification  |i unmediated -- volume  |k v.51  |l 1925  |m A14817939631 
952 f f |p ric  |a Texas A&M University  |b Rellis Campus  |c Joint Library Facility  |d Remote Storage  |t 0  |e QL461 .A3734  |h Library of Congress classification  |i unmediated -- volume  |k v.23 -v.24  |l 1896-1897  |m A14816385910 
952 f f |p ric  |a Texas A&M University  |b Rellis Campus  |c Joint Library Facility  |d Remote Storage  |t 0  |e QL461 .A3734  |h Library of Congress classification  |i unmediated -- volume  |k v.52  |l 1926  |m A14817939649 
952 f f |p ric  |a Texas A&M University  |b Rellis Campus  |c Joint Library Facility  |d Remote Storage  |t 0  |e QL461 .A3734  |h Library of Congress classification  |i unmediated -- volume  |k v.57  |l 1931  |m A14817939746 
952 f f |p ric  |a Texas A&M University  |b Rellis Campus  |c Joint Library Facility  |d Remote Storage  |t 0  |e QL461 .A3734  |h Library of Congress classification  |i unmediated -- volume  |k v.83  |l 1957  |m A14817940404 
952 f f |p ric  |a Texas A&M University  |b Rellis Campus  |c Joint Library Facility  |d Remote Storage  |t 0  |e QL461 .A3734  |h Library of Congress classification  |i unmediated -- volume  |k v.123  |l 1997  |m A14818556046 
952 f f |p ric  |a Texas A&M University  |b Rellis Campus  |c Joint Library Facility  |d Remote Storage  |t 0  |e QL461 .A3734  |h Library of Congress classification  |i unmediated -- volume  |k v.85  |l 1959  |m A14817940218 
952 f f |p ric  |a Texas A&M University  |b Rellis Campus  |c Joint Library Facility  |d Remote Storage  |t 0  |e QL461 .A3734  |h Library of Congress classification  |i unmediated -- volume  |k v.39 -v.40  |l 1913-1914  |m A14813827248 
952 f f |p ric  |a Texas A&M University  |b Rellis Campus  |c Joint Library Facility  |d Remote Storage  |t 0  |e QL461 .A3734  |h Library of Congress classification  |i unmediated -- volume  |k v.116:no.1 -v.116:no.2  |l 1990-1990  |m A14815090203 
952 f f |p ric  |a Texas A&M University  |b Rellis Campus  |c Joint Library Facility  |d Remote Storage  |t 0  |e QL461 .A3734  |h Library of Congress classification  |i unmediated -- volume  |k v.130  |l 2004  |m A14832873290 
952 f f |p ric  |a Texas A&M University  |b Rellis Campus  |c Joint Library Facility  |d Remote Storage  |t 0  |e QL461 .A3734  |h Library of Congress classification  |i unmediated -- volume  |k v.70  |l 1944  |m A14817940048 
952 f f |p ric  |a Texas A&M University  |b Rellis Campus  |c Joint Library Facility  |d Remote Storage  |t 0  |e QL461 .A3734  |h Library of Congress classification  |i unmediated -- volume  |k v.72  |l 1946  |m A14817940098 
952 f f |p ric  |a Texas A&M University  |b Rellis Campus  |c Joint Library Facility  |d Remote Storage  |t 0  |e QL461 .A3734  |h Library of Congress classification  |i unmediated -- volume  |k v.59  |l 1933  |m A14817939796 
952 f f |p ric  |a Texas A&M University  |b Rellis Campus  |c Joint Library Facility  |d Remote Storage  |t 0  |e QL461 .A3734  |h Library of Congress classification  |i unmediated -- volume  |k v.46  |l 1920  |m A14817939495 
952 f f |p ric  |a Texas A&M University  |b Rellis Campus  |c Joint Library Facility  |d Remote Storage  |t 0  |e QL461 .A3734  |h Library of Congress classification  |i unmediated -- volume  |k v.88  |l 1962  |m A14817940161 
952 f f |p ric  |a Texas A&M University  |b Rellis Campus  |c Joint Library Facility  |d Remote Storage  |t 0  |e QL461 .A3734  |h Library of Congress classification  |i unmediated -- volume  |k v.91  |l 1965  |m A14817940129 
952 f f |p ric  |a Texas A&M University  |b Rellis Campus  |c Joint Library Facility  |d Remote Storage  |t 0  |e QL461 .A3734  |h Library of Congress classification  |i unmediated -- volume  |k v.73  |l 1947  |m A14817940145 
952 f f |p ric  |a Texas A&M University  |b Rellis Campus  |c Joint Library Facility  |d Remote Storage  |t 0  |e QL461 .A3734  |h Library of Congress classification  |i unmediated -- volume  |k v.71  |l 1945  |m A14817940080 
952 f f |p ric  |a Texas A&M University  |b Rellis Campus  |c Joint Library Facility  |d Remote Storage  |t 0  |e QL461 .A3734  |h Library of Congress classification  |i unmediated -- volume  |k v.55  |l 1929  |m A14817939699 
952 f f |p ric  |a Texas A&M University  |b Rellis Campus  |c Joint Library Facility  |d Remote Storage  |t 0  |e QL461 .A3734  |h Library of Congress classification  |i unmediated -- volume  |k v.41 -v.42  |l 1915-1916  |m A14817939398 
952 f f |p ric  |a Texas A&M University  |b Rellis Campus  |c Joint Library Facility  |d Remote Storage  |t 0  |e QL461 .A3734  |h Library of Congress classification  |i unmediated -- volume  |k v.66  |l 1940  |m A14817939940 
952 f f |p ric  |a Texas A&M University  |b Rellis Campus  |c Joint Library Facility  |d Remote Storage  |t 0  |e QL461 .A3734  |h Library of Congress classification  |i unmediated -- volume  |k v.21 -v.22  |l 1894-1895  |m A14816927500 
952 f f |p ric  |a Texas A&M University  |b Rellis Campus  |c Joint Library Facility  |d Remote Storage  |t 0  |e QL461 .A3734  |h Library of Congress classification  |i unmediated -- volume  |k v.125  |l 1999  |m A14826823952 
952 f f |p ric  |a Texas A&M University  |b Rellis Campus  |c Joint Library Facility  |d Remote Storage  |t 0  |e QL461 .A3734  |h Library of Congress classification  |i unmediated -- volume  |k v.117  |l 1991  |m A14815679023 
952 f f |p ric  |a Texas A&M University  |b Rellis Campus  |c Joint Library Facility  |d Remote Storage  |t 0  |e QL461 .A3734  |h Library of Congress classification  |i unmediated -- volume  |k v.103  |l 1977  |m A14817940331 
952 f f |p ric  |a Texas A&M University  |b Rellis Campus  |c Joint Library Facility  |d Remote Storage  |t 0  |e QL461 .A3734  |h Library of Congress classification  |i unmediated -- volume  |k v.35 -v.36  |l 1909-1910  |m A14812130517 
952 f f |p ric  |a Texas A&M University  |b Rellis Campus  |c Joint Library Facility  |d Remote Storage  |t 0  |e QL461 .A3734  |h Library of Congress classification  |i unmediated -- volume  |k v.110  |l 1984  |m A14817940446 
952 f f |p ric  |a Texas A&M University  |b Rellis Campus  |c Joint Library Facility  |d Remote Storage  |t 0  |e QL461 .A3734  |h Library of Congress classification  |i unmediated -- volume  |k v.69  |l 1943  |m A14817940030 
952 f f |p ric  |a Texas A&M University  |b Rellis Campus  |c Joint Library Facility  |d Remote Storage  |t 0  |e QL461 .A3734  |h Library of Congress classification  |i unmediated -- volume  |k v.96  |l 1970  |m A14817940242 
952 f f |p ric  |a Texas A&M University  |b Rellis Campus  |c Joint Library Facility  |d Remote Storage  |t 0  |e QL461 .A3734  |h Library of Congress classification  |i unmediated -- volume  |k v.64  |l 1938  |m A14816033856 
952 f f |p ric  |a Texas A&M University  |b Rellis Campus  |c Joint Library Facility  |d Remote Storage  |t 0  |e QL461 .A3734  |h Library of Congress classification  |i unmediated -- volume  |k v.106  |l 1980  |m A14817940381 
952 f f |p ric  |a Texas A&M University  |b Rellis Campus  |c Joint Library Facility  |d Remote Storage  |t 0  |e QL461 .A3734  |h Library of Congress classification  |i unmediated -- volume  |k v.113  |l 1987  |m A14811376267 
952 f f |p ric  |a Texas A&M University  |b Rellis Campus  |c Joint Library Facility  |d Remote Storage  |t 0  |e QL461 .A3734  |h Library of Congress classification  |i unmediated -- volume  |k v.128  |l 2002  |m A14832158323 
952 f f |p ric  |a Texas A&M University  |b Rellis Campus  |c Joint Library Facility  |d Remote Storage  |t 0  |e QL461 .A3734  |h Library of Congress classification  |i unmediated -- volume  |k v.90  |l 1964  |m A14817940137 
952 f f |p ric  |a Texas A&M University  |b Rellis Campus  |c Joint Library Facility  |d Remote Storage  |t 0  |e QL461 .A3734  |h Library of Congress classification  |i unmediated -- volume  |k v.93  |l 1967  |m A14817940103 
952 f f |p ric  |a Texas A&M University  |b Rellis Campus  |c Joint Library Facility  |d Remote Storage  |t 0  |e QL461 .A3734  |h Library of Congress classification  |i unmediated -- volume  |k v.133  |l 2007  |m A14838925192 
952 f f |p ric  |a Texas A&M University  |b Rellis Campus  |c Joint Library Facility  |d Remote Storage  |t 0  |e QL461 .A3734  |h Library of Congress classification  |i unmediated -- volume  |k v.49  |l 1923  |m A14817939584 
952 f f |p ric  |a Texas A&M University  |b Rellis Campus  |c Joint Library Facility  |d Remote Storage  |t 0  |e QL461 .A3734  |h Library of Congress classification  |i unmediated -- volume  |k v.77  |l 1951  |m A14817940307 
952 f f |p ric  |a Texas A&M University  |b Rellis Campus  |c Joint Library Facility  |d Remote Storage  |t 0  |e QL461 .A3734  |h Library of Congress classification  |i unmediated -- volume  |k v.95  |l 1969  |m A14817940234 
952 f f |p ric  |a Texas A&M University  |b Rellis Campus  |c Joint Library Facility  |d Remote Storage  |t 0  |e QL461 .A3734  |h Library of Congress classification  |i unmediated -- volume  |k v.100  |l 1974  |m A14812215579 
952 f f |p ric  |a Texas A&M University  |b Rellis Campus  |c Joint Library Facility  |d Remote Storage  |t 0  |e QL461 .A3734  |h Library of Congress classification  |i unmediated -- volume  |k v.63  |l 1937  |m A14817939893 
952 f f |p ric  |a Texas A&M University  |b Rellis Campus  |c Joint Library Facility  |d Remote Storage  |t 0  |e QL461 .A3734  |h Library of Congress classification  |i unmediated -- volume  |k v.61  |l 1935  |m A14817939843 
952 f f |p ric  |a Texas A&M University  |b Rellis Campus  |c Joint Library Facility  |d Remote Storage  |t 0  |e QL461 .A3734  |h Library of Congress classification  |i unmediated -- volume  |k v.131  |l 2005  |m A14834664663 
952 f f |p ric  |a Texas A&M University  |b Rellis Campus  |c Joint Library Facility  |d Remote Storage  |t 0  |e QL461 .A3734  |h Library of Congress classification  |i unmediated -- volume  |k v.81 -v.82  |l 1995-1956  |m A14817940357 
952 f f |p ric  |a Texas A&M University  |b Rellis Campus  |c Joint Library Facility  |d Remote Storage  |t 0  |e QL461 .A3734  |h Library of Congress classification  |i unmediated -- volume  |k v.33 -v.34  |l 1907-1908  |m A14817939348 
952 f f |p ric  |a Texas A&M University  |b Rellis Campus  |c Joint Library Facility  |d Remote Storage  |t 0  |e QL461 .A3734  |h Library of Congress classification  |i unmediated -- volume  |k v.107  |l 1981  |m A14817940420 
952 f f |p ric  |a Texas A&M University  |b Rellis Campus  |c Joint Library Facility  |d Remote Storage  |t 0  |e QL461 .A3734  |h Library of Congress classification  |i unmediated -- volume  |k v.104  |l 1978  |m A14817940373 
952 f f |p ric  |a Texas A&M University  |b Rellis Campus  |c Joint Library Facility  |d Remote Storage  |t 0  |e QL461 .A3734  |h Library of Congress classification  |i unmediated -- volume  |k v.58  |l 1932  |m A14817939788 
952 f f |p ric  |a Texas A&M University  |b Rellis Campus  |c Joint Library Facility  |d Remote Storage  |t 0  |e QL461 .A3734  |h Library of Congress classification  |i unmediated -- volume  |k v.31 -v.32  |l 1905-1906  |m A14817939330 
952 f f |p ric  |a Texas A&M University  |b Rellis Campus  |c Joint Library Facility  |d Remote Storage  |t 0  |e QL461 .A3734  |h Library of Congress classification  |i unmediated -- volume  |k v.62  |l 1936  |m A14817939885 
952 f f |p ric  |a Texas A&M University  |b Rellis Campus  |c Joint Library Facility  |d Remote Storage  |t 0  |e QL461 .A3734  |h Library of Congress classification  |i unmediated -- volume  |k v.127  |l 2001  |m A14829300440 
952 f f |p ric  |a Texas A&M University  |b Rellis Campus  |c Joint Library Facility  |d Remote Storage  |t 0  |e QL461 .A3734  |h Library of Congress classification  |i unmediated -- volume  |k v.97  |l 1971  |m A14817940276 
952 f f |p ric  |a Texas A&M University  |b Rellis Campus  |c Joint Library Facility  |d Remote Storage  |t 0  |e QL461 .A3734  |h Library of Congress classification  |i unmediated -- volume  |k v.112  |l 1986  |m A14817940496 
952 f f |p ric  |a Texas A&M University  |b Rellis Campus  |c Joint Library Facility  |d Remote Storage  |t 0  |e QL461 .A3734  |h Library of Congress classification  |i unmediated -- volume  |k v.99  |l 1973  |m A14817940323 
952 f f |p ric  |a Texas A&M University  |b Rellis Campus  |c Joint Library Facility  |d Remote Storage  |t 0  |e QL461 .A3734  |h Library of Congress classification  |i unmediated -- volume  |k v.54  |l 1928  |m A14817939681 
952 f f |p ric  |a Texas A&M University  |b Rellis Campus  |c Joint Library Facility  |d Remote Storage  |t 0  |e QL461 .A3734  |h Library of Congress classification  |i unmediated -- volume  |k v.122  |l 1996  |m A14822028982 
952 f f |p ric  |a Texas A&M University  |b Rellis Campus  |c Joint Library Facility  |d Remote Storage  |t 0  |e QL461 .A3734  |h Library of Congress classification  |i unmediated -- volume  |k v.124  |l 1998  |m A14824888061 
952 f f |p ric  |a Texas A&M University  |b Rellis Campus  |c Joint Library Facility  |d Remote Storage  |t 0  |e QL461 .A3734  |h Library of Congress classification  |i unmediated -- volume  |k v.74  |l 1948  |m A14817940187 
952 f f |p ric  |a Texas A&M University  |b Rellis Campus  |c Joint Library Facility  |d Remote Storage  |t 0  |e QL461 .A3734  |h Library of Congress classification  |i unmediated -- volume  |k v.102  |l 1976  |m A14817940292 
952 f f |p ric  |a Texas A&M University  |b Rellis Campus  |c Joint Library Facility  |d Remote Storage  |t 0  |e QL461 .A3734  |h Library of Congress classification  |i unmediated -- volume  |k v.111  |l 1985  |m A14817940454 
952 f f |p ric  |a Texas A&M University  |b Rellis Campus  |c Joint Library Facility  |d Remote Storage  |t 0  |e QL461 .A3734  |h Library of Congress classification  |i unmediated -- volume  |k v.119  |l 1993  |m A14818809295 
952 f f |p ric  |a Texas A&M University  |b Rellis Campus  |c Joint Library Facility  |d Remote Storage  |t 0  |e QL461 .A3734  |h Library of Congress classification  |i unmediated -- volume  |k v.56  |l 1930  |m A14817939738 
952 f f |p ric  |a Texas A&M University  |b Rellis Campus  |c Joint Library Facility  |d Remote Storage  |t 0  |e QL461 .A3734  |h Library of Congress classification  |i unmediated -- volume  |k v.94  |l 1968  |m A14817940195 
952 f f |p ric  |a Texas A&M University  |b Rellis Campus  |c Joint Library Facility  |d Remote Storage  |t 0  |e QL461 .A3734  |h Library of Congress classification  |i unmediated -- volume  |k v.109  |l 1983  |m A14817940438 
952 f f |p ric  |a Texas A&M University  |b Rellis Campus  |c Joint Library Facility  |d Remote Storage  |t 0  |e QL461 .A3734  |h Library of Congress classification  |i unmediated -- volume  |k v.68  |l 1942  |m A14817939990 
952 f f |p ric  |a Texas A&M University  |b Rellis Campus  |c Joint Library Facility  |d Remote Storage  |t 0  |e QL461 .A3734  |h Library of Congress classification  |i unmediated -- volume  |k v.87  |l 1961  |m A14817940179 
952 f f |p ric  |a Texas A&M University  |b Rellis Campus  |c Joint Library Facility  |d Remote Storage  |t 0  |e QL461 .A3734  |h Library of Congress classification  |i unmediated -- volume  |k v.108  |l 1982  |m A14817940399 
952 f f |p ric  |a Texas A&M University  |b Rellis Campus  |c Joint Library Facility  |d Remote Storage  |t 0  |e QL461 .A3734  |h Library of Congress classification  |i unmediated -- volume  |k v.86  |l 1960  |m A14817940200 
952 f f |p ric  |a Texas A&M University  |b Rellis Campus  |c Joint Library Facility  |d Remote Storage  |t 0  |e QL461 .A3734  |h Library of Congress classification  |i unmediated -- volume  |k v.105  |l 1979  |m A14817940349 
952 f f |p ric  |a Texas A&M University  |b Rellis Campus  |c Joint Library Facility  |d Remote Storage  |t 0  |e QL461 .A3734  |h Library of Congress classification  |i unmediated -- volume  |k v.60  |l 1934  |m A14817939835 
952 f f |p ric  |a Texas A&M University  |b Rellis Campus  |c Joint Library Facility  |d Remote Storage  |t 0  |e QL461 .A3734  |h Library of Congress classification  |i unmediated -- volume  |k v.79  |l 1953  |m A14817940412 
952 f f |p ric  |a Texas A&M University  |b Rellis Campus  |c Joint Library Facility  |d Remote Storage  |t 0  |e QL461 .A3734  |h Library of Congress classification  |i unmediated -- volume  |k v.75  |l 1949  |m A14817940226 
952 f f |p ric  |a Texas A&M University  |b Rellis Campus  |c Joint Library Facility  |d Remote Storage  |t 0  |e QL461 .A3734  |h Library of Congress classification  |i unmediated -- volume  |k v.45  |l 1919  |m A14817939487 
952 f f |p ric  |a Texas A&M University  |b Rellis Campus  |c Joint Library Facility  |d Remote Storage  |t 0  |e QL461 .A3734  |h Library of Congress classification  |i unmediated -- volume  |k v.118  |l 1992  |m A14817173081 
998 f f |a QL461 .A3734  |s v.17-133 (1890-2007)  |t 0  |l Remote Storage